| 000 -LEADER |
| fixed length control field |
00965pab a2200181 454500 |
| 008 - FIXED-LENGTH DATA ELEMENTS--GENERAL INFORMATION |
| fixed length control field |
180718b2002 xxu||||| |||| 00| 0 eng d |
| 100 ## - MAIN ENTRY--PERSONAL NAME |
| Personal name |
Mackinnon, John |
| 245 ## - TITLE STATEMENT |
| Title |
How research can assist policy: the case of economic reforms in uganda |
| 260 ## - PUBLICATION, DISTRIBUTION, ETC. |
| Date of publication, distribution, etc. |
2002 |
| 300 ## - PHYSICAL DESCRIPTION |
| Extent |
p.267-92. |
| 362 ## - DATES OF PUBLICATION AND/OR SEQUENTIAL DESIGNATION |
| Dates of publication and/or sequential designation |
Fall |
| 520 ## - SUMMARY, ETC. |
| Summary, etc. |
Research has had a powerful impact on policy in Uganda, affecting the climate of opinion, improving the quality of the policy debate, and helping focus public policy and intervention on poverty reduction. Uganda's successful use of knowledge and research to help set public policy priorities demonstrates that even a poor postconflict country can, in a relatively short period of time, create an effective information base and feedback mechanisms for decision making. - Reproduced. |
| 650 ## - SUBJECT ADDED ENTRY--TOPICAL TERM |
| Topical term or geographic name entry element |
Economic reform - Uganda |
| 650 ## - SUBJECT ADDED ENTRY--TOPICAL TERM |
| Topical term or geographic name entry element |
Economic reform |
| 700 ## - ADDED ENTRY--PERSONAL NAME |
| Personal name |
Reinikka, Ritva |
| 773 ## - HOST ITEM ENTRY |
| Main entry heading |
World Bank Research Observer |
| 909 ## - |
| -- |
54719 |